Microsoft MCSE readiness review : (Record no. 62405)

MARC details
000 -LEADER
fixed length control field 00505nam a22001457a 4500
005 - DATE AND TIME OF LATEST TRANSACTION
control field 20180827144530.0
020 ## - INTERNATIONAL STANDARD BOOK NUMBER
International Standard Book Number 8120317661
Terms of availability 425.00
035 ## - SYSTEM CONTROL NUMBER
System control number B-41448, B-041450,B-041450
037 ## - SOURCE OF ACQUISITION
Stock number DPL
Source of stock number/acquisition ENG
100 ## - MAIN ENTRY--PERSONAL NAME
Personal name Pervokich, Dave
245 ## - TITLE STATEMENT
Title Microsoft MCSE readiness review :
Remainder of title Exam 70-098 implementing and supporting microsoft windows 98 /
Statement of responsibility, etc by Dave Perkovich
260 ## - PUBLICATION, DISTRIBUTION, ETC. (IMPRINT)
Place of publication, distribution, etc New Delhi
Name of publisher, distributor, etc Prentice-Hall of India
Date of publication, distribution, etc 1999
300 ## - PHYSICAL DESCRIPTION
Extent xviii, 322p.
Dimensions 22 cms.
942 ## - ADDED ENTRY ELEMENTS (KOHA)
Source of classification or shelving scheme Dewey Decimal Classification
Item type English Books
Classification part 005.43
Call number suffix PER
Holdings
Withdrawn status Lost status Not for loan Collection code Home library Current library Date acquired Cost, normal purchase price Full call number Barcode Cost, replacement price Koha item type Source of acquisition
      Non-fiction Sarojini Nagar Sarojini Nagar 09/02/2012 425.00 005.43 PER B-41448 425.00 English Books  
      Non-fiction Shahdara Branch Shahdara Branch 27/08/2018 425.00 005.43 PER B-041450 425.00 English Books BPPD/PUB

© Delhi Public Library
Hit Counter
free hit counter